PLL MVP's - Statistics

General Stats
  • This quiz has been taken 10 times
  • The average score is 5 of 7
Answer Stats
Team Answer % Correct
Chaos Blaze Riorden
86%
Atlas Jeff Teat
86%
Whipsnakes Matt Rambo
86%
Archers Tom Schreiber
71%
Atlas Connor Shellenberger
43%
Atlas Trevor Baptiste
43%
Whipsnakes Zed Williams
43%
No matching quizzes found
Score Distribution
Percent of People with Each Score
Percentile by Number Answered
Your Score History
You have not taken this quiz